| 000 | 00624nam a2200217Ia 4500 | ||
|---|---|---|---|
| 003 | OSt | ||
| 005 | 20250917121607.0 | ||
| 008 | 210719s1985 xx 000 0 und d | ||
| 040 | _cAL | ||
| 041 | _aTulu | ||
| 082 | _aT894.2 RAVP | ||
| 100 |
_aRAV (P S) _dರಾವ್ (ಪಿ ಎಸ್) _9239063 |
||
| 245 |
_aPottandi page _bಪೊತ್ತಂದಿ ಪಗೆ |
||
| 260 |
_aMangaluru _bSahodara Kala Vranda., _c1985 |
||
| 300 |
_a41 _bPB |
||
| 365 |
_b5 _cRs |
||
| 650 |
_a Tulu samajika nataka _9239064 |
||
| 650 |
_aTulu Drama _9239065 |
||
| 906 | _anataka ; page ; Pottandi ; samajika ; Tulu | ||
| 942 |
_2ddc _cBK |
||
| 999 |
_c214659 _d214659 |
||